[Event "Regionalliga Nord-West 1819"]
[Site "Bayern"]
[Date "2018.10.21"]
[Round "1.1"]
[White "Bergmann, Matthias"]
[Black "Zentgraf, Alexander"]
[Result "1/2-1/2"]
[WhiteElo "2007"]
[BlackElo "2146"]
[PlyCount "37"]
[EventDate "2018.10.21"]
[EventType "team-tourn"]
[EventRounds "9"]
[EventCountry "GER"]
[SourceTitle "EXT 2022"]
[Source "ChessBase"]
[SourceDate "2021.10.06"]
[SourceVersion "1"]
[SourceVersionDate "2021.10.06"]
[SourceQuality "1"]
[WhiteTeam "Seubelsdorf"]
[BlackTeam "Sailauf"]
[WhiteTeamCountry "GER"]
[BlackTeamCountry "GER"]

1. d4 d5 2. c4 e6 3. Nc3 a6 4. cxd5 exd5 5. Nf3 Nf6 6. Bg5 Be6 7. e3 Nbd7 8. Rc1 Bd6 9. Bd3 c6 10. a3 0-0 11. 0-0 Be7 12. Qe2 Bg4 13. e4 dxe4 14. Nxe4 Nd5 15. Bd2 Re8 16. h3 Bh5 17. g4 Bg6 18. Ne5 N7f6 19. Nxg6 1/2-1/2